[Event "Gibraltar Challengers-B 12th"]
[Site "Caleta"]
[Date "2014.02.05"]
[Round "5"]
[White "Gajic, Mladen"]
[Black "Danielsen, Magnus"]
[Result "1/2-1/2"]
[WhiteElo "2251"]
[BlackElo "2032"]
[PlyCount "77"]
[EventDate "2014.02.01"]
[EventType "swiss"]
[EventRounds "5"]
[EventCountry "GGB"]
[SourceTitle "CBM 158 Extra"]
[Source "ChessBase"]
[SourceDate "2014.02.28"]
[SourceVersion "1"]
[SourceVersionDate "2014.02.28"]
[SourceQuality "1"]

1. e4 d5 2. exd5 Qxd5 3. Nf3 Bg4 4. Be2 Nc6 5. 0-0 e5 6. h3 Bh5 7. c3 0-0-0 8. d3 f5 9. d4 e4 10. Nfd2 Bxe2 11. Qxe2 Nf6 12. b4 Bd6 13. b5 Ne7 14. Nb3 Ng6 15. c4 Qe6 16. f4 e3 17. Qxe3 Qxc4 18. Qf3 Rhe8 19. Qxb7+ Kxb7 20. Na5+ Kb6 21. Nxc4+ Kxb5 22. Ne5 Nd5 23. Na3+ Bxa3 24. Bxa3 Ngxf4 25. Rab1+ Ka6 26. Nc6 Rc8 27. Bc5 g6 28. Rf3 Re3 29. Nb4+ Ka5 30. Nc6+ Ka6 31. Rxe3 Nxe3 32. a4 Ned5 33. Rb5 Nb6 34. Rb3 Ne6 35. Nb4+ Ka5 36. Nc6+ Ka6 37. Nb4+ Ka5 38. Nc6+ Ka6 39. Nb4+ 1/2-1/2

[Event "Gibraltar Challengers-B 12th"]
[Site "Caleta"]
[Date "2014.02.02"]
[Round "2"]
[White "Danielsen, Magnus"]
[Black "Edakina, Anastasia"]
[Result "1-0"]
[WhiteElo "2032"]
[BlackElo "1756"]
[PlyCount "83"]
[EventDate "2014.02.01"]
[EventType "swiss"]
[EventRounds "5"]
[EventCountry "GGB"]
[SourceTitle "CBM 158 Extra"]
[Source "ChessBase"]
[SourceDate "2014.02.28"]
[SourceVersion "1"]
[SourceVersionDate "2014.02.28"]
[SourceQuality "1"]

1. e4 c5 2. f4 d6 3. Nf3 Nf6 4. Nc3 a6 5. a4 Nc6 6. Bc4 Bg4 7. h3 Bxf3 8. Qxf3 Nd4 9. Qd1 e6 10. d3 d5 11. Ba2 Be7 12. 0-0 0-0 13. e5 Nd7 14. Ne2 Nb6 15. Nxd4 cxd4 16. Bb3 Nd7 17. c3 dxc3 18. bxc3 Rc8 19. Bd2 Nc5 20. Bc2 d4 21. c4 f6 22. exf6 Bxf6 23. Qg4 Qd7 24. Rfe1 Rfe8 25. Rab1 Rc7 26. Bb4 b6 27. Bd2 Rb7 28. Bb4 Rc7 29. a5 bxa5 30. Bxa5 Rb7 31. Rxb7 Nxb7 32. Bb4 a5 33. Ba3 Nd6 34. Qd1 Qc7 35. Ba4 Re7 36. Qg4 e5 37. fxe5 Bxe5 38. Kh1 Kh8 39. Qf3 Qd8 40. Qd5 Bg3 41. Rxe7 Qxe7 42. Qa8+ 1-0

[Event "Gibraltar Challengers-A 12th"]
[Site "Caleta"]
[Date "2014.01.31"]
[Round "5"]
[White "Karlsson, Jorgen"]
[Black "Danielsen, Magnus"]
[Result "1-0"]
[WhiteElo "2140"]
[BlackElo "2030"]
[PlyCount "119"]
[EventDate "2014.01.27"]
[EventType "swiss"]
[EventRounds "5"]
[EventCountry "GGB"]
[SourceTitle "CBM 158 Extra"]
[Source "ChessBase"]
[SourceDate "2014.02.28"]
[SourceVersion "1"]
[SourceVersionDate "2014.02.28"]
[SourceQuality "1"]

1. Nc3 d5 2. d4 Nf6 3. Bg5 c5 4. e3 e6 5. Bd3 Nc6 6. Nf3 Be7 7. 0-0 0-0 8. dxc5 Bxc5 9. e4 Be7 10. e5 Nd7 11. Bxe7 Qxe7 12. Re1 a6 13. Qd2 b5 14. a3 Bb7 15. Qf4 Nc5 16. Bxh7+ Kxh7 17. Ng5+ Kg6 18. h4 f6 19. Nxd5 exd5 20. h5+ Kh6 21. Qf5 Qe8 22. exf6 Qxh5 23. Re3 g6 24. Qf4 Bc8 25. Rg3 Bd7 26. Ne6+ Kh7 27. Nxc5 Qh6 28. Qd6 Bf5 29. Qxc6 Ra7 30. Qxd5 Rxf6 31. Ne4 Bxe4 32. Qxe4 Kg7 33. Rd1 Raf7 34. Qe5 Qf4 35. Qxf4 Rxf4 36. f3 R7f6 37. Rg5 Rc4 38. c3 Re6 39. Rgd5 Rcc6 40. Kf2 Kf6 41. f4 Rc4 42. R1d4 Rcc6 43. g4 Rc7 44. g5+ Ke7 45. Kf3 Rcc6 46. Rd7+ Ke8 47. Rd8+ Kf7 48. R4d7+ Re7 49. Rd6 Re6 50. R8d7+ Ke8 51. Rxc6 Rxc6 52. Rd5 Kf7 53. Ke4 Ke6 54. Re5+ Kd6 55. Re8 Rc4+ 56. Ke3 Rc6 57. f5 Kd7 58. Rg8 gxf5 59. Rg7+ Ke8 60. Kf4 1-0

[Event "Gibraltar Challengers-A 12th"]
[Site "Caleta"]
[Date "2014.01.30"]
[Round "4"]
[White "Danielsen, Magnus"]
[Black "Andersen, Daniel"]
[Result "1-0"]
[WhiteElo "2030"]
[BlackElo "1941"]
[PlyCount "91"]
[EventDate "2014.01.27"]
[EventType "swiss"]
[EventRounds "5"]
[EventCountry "GGB"]
[SourceTitle "CBM 158 Extra"]
[Source "ChessBase"]
[SourceDate "2014.02.28"]
[SourceVersion "1"]
[SourceVersionDate "2014.02.28"]
[SourceQuality "1"]

1. e4 e6 2. d4 d5 3. Nc3 Bb4 4. e5 c5 5. a3 Bxc3+ 6. bxc3 Qa5 7. Bd2 Qa4 8. Nf3 c4 9. g3 Nc6 10. Bg2 Bd7 11. 0-0 0-0-0 12. Ng5 Rf8 13. f4 f6 14. exf6 gxf6 15. Nf3 Be8 16. Nh4 f5 17. Re1 Bf7 18. Nf3 Nf6 19. Ne5 Ne4 20. Bxe4 fxe4 21. Be3 h5 22. h3 Be8 23. Kf2 Rfg8 24. Rg1 Bg6 25. Rg2 Bf5 26. g4 hxg4 27. hxg4 Nxe5 28. dxe5 Bg6 29. Qe2 Rh3 30. Rag1 Rf3+ 31. Ke1 Qxa3 32. Kd2 Rh8 33. Rg3 Rxg3 34. Rxg3 Rh1 35. Rg1 Rxg1 36. Bxg1 Qb2 37. Be3 b5 38. f5 exf5 39. gxf5 Bxf5 40. Qh5 Bd7 41. e6 Bc6 42. e7 b4 43. e8Q+ Bxe8 44. Qxe8+ Kc7 45. Qe7+ Kc6 46. Qc5+ 1-0

[Event "Gibraltar Challengers-A 12th"]
[Site "Caleta"]
[Date "2014.01.27"]
[Round "1"]
[White "Galmandakh, Badrakh"]
[Black "Danielsen, Magnus"]
[Result "1-0"]
[WhiteElo "2225"]
[BlackElo "2030"]
[PlyCount "64"]
[EventDate "2014.01.27"]
[EventType "swiss"]
[EventRounds "5"]
[EventCountry "GGB"]
[SourceTitle "CBM 158 Extra"]
[Source "ChessBase"]
[SourceDate "2014.02.28"]
[SourceVersion "1"]
[SourceVersionDate "2014.02.28"]
[SourceQuality "1"]

1. Nf3 Nf6 2. d3 d5 3. Nbd2 c5 4. e4 Bg4 5. Be2 Nc6 6. c3 e6 7. 0-0 Bd6 8. Ne1 Bxe2 9. Qxe2 Qc7 10. h3 0-0-0 11. a3 g5 12. b4 Rhg8 13. exd5 Nxd5 14. Ne4 Be5 15. Bd2 Qe7 16. b5 Nb8 17. d4 Bd6 18. Nd3 Nd7 19. c4 Nf4 20. Nxf4 Bxf4 21. dxc5 Bxd2 22. c6 Ba5 23. cxd7+ Rxd7 24. c5 Rd5 25. Rad1 Rdd8 26. Qc4 Kb8 27. Qa4 f5 28. Nd6 Bc7 29. b6 axb6 30. Nb5 bxc5 31. Qa7+ Kc8 32. Rb1 Bb8 1-0

[Event "NOR-chT"]
[Site "Fagernes"]
[Date "2013.09.28"]
[Round "3.8"]
[White "Danielsen, Magnus"]
[Black "Kvisla, Johannes Luangtep"]
[Result "1-0"]
[WhiteElo "2010"]
[BlackElo "2157"]
[PlyCount "147"]
[EventDate "2013.09.27"]
[EventType "team-swiss"]
[EventRounds "6"]
[EventCountry "NOR"]
[SourceTitle "CBM 156 Extra"]
[Source "ChessBase"]
[SourceDate "2013.10.22"]
[SourceVersion "1"]
[SourceVersionDate "2013.10.22"]
[SourceQuality "1"]
[WhiteTeam "Valerenga"]
[BlackTeam "Oslo SK 1911"]
[WhiteTeamCountry "NOR"]
[BlackTeamCountry "NOR"]

1. e4 c6 2. d4 d5 3. Nc3 a6 4. Nf3 Bg4 5. Be2 e6 6. 0-0 Nf6 7. Bg5 Be7 8. e5 Nfd7 9. Bxe7 Qxe7 10. h3 Bxf3 11. Bxf3 c5 12. Ne2 cxd4 13. Nxd4 Nxe5 14. Bxd5 exd5 15. Re1 g5 16. f4 gxf4 17. Qh5 Nbd7 18. Nf3 0-0-0 19. Nxe5 Qc5+ 20. Kh1 d4 21. Qg4 Qd5 22. Qxf4 Nxe5 23. Rxe5 Qc6 24. Rae1 Rhg8 25. R1e2 Rg7 26. b4 b6 27. Re7 Qd6 28. Qxd6 Rxd6 29. Ra7 Kb8 30. Ree7 Rc6 31. Rab7+ Kc8 32. Ra7 Kb8 33. Rab7+ Kc8 34. Ra7 Kb8 35. Rad7 Rxc2 36. Rxd4 Rc1+ 37. Kh2 Rc2 38. Rd8+ Rc8 39. Rdd7 Rc2 40. Re8+ Rc8 41. Rxc8+ Kxc8 42. Ra7 a5 43. bxa5 bxa5 44. Rxa5 Kd7 45. Rh5 Ke6 46. a4 f5 47. a5 Ra7 48. a6 Ke5 49. Rh6 Kf4 50. Rf6 h5 51. Rb6 Kg5 52. Kg3 h4+ 53. Kf3 Rc7 54. Rb3 Kf6 55. Ra3 Rg7 56. Kf4 Ra7 57. Ra4 Ke6 58. Ra5 Kd7 59. Kxf5 Kc6 60. Re5 Kd6 61. Re6+ Kd5 62. Rg6 Rh7 63. Kg4 Ke5 64. Rg5+ Ke4 65. Ra5 Rg7+ 66. Kxh4 Rh7+ 67. Kg5 Ra7 68. g4 Kf3 69. Kf6 Kg3 70. g5 Kxh3 71. g6 Rd7 72. a7 Rd6+ 73. Kf5 Rd5+ 74. Rxd5 1-0

[Event "NATO-ch 19th"]
[Site "Brussels"]
[Date "2008.08.05"]
[Round "3"]
[White "Danielsen, Magnus"]
[Black "Mestek, Igor"]
[Result "1/2-1/2"]
[WhiteElo "2023"]
[BlackElo "2160"]
[PlyCount "50"]
[EventDate "2008.08.04"]
[EventType "swiss"]
[EventRounds "7"]
[EventCountry "BEL"]
[SourceTitle "EXT 2015"]
[Source "ChessBase"]
[SourceDate "2014.11.20"]
[SourceVersion "1"]
[SourceVersionDate "2014.11.20"]
[SourceQuality "1"]

1. e4 Nf6 2. e5 Nd5 3. d4 d6 4. Nf3 Bg4 5. exd6 cxd6 6. c4 Nb6 7. b3 e6 8. Bd3 Nc6 9. Bb2 d5 10. c5 Nc8 11. a3 Qf6 12. Nbd2 Bxc5 13. Qc2 Bb6 14. 0-0 N8e7 15. Rac1 Bf5 16. b4 Bxd4 17. Nxd4 Nxd4 18. Bxd4 Qxd4 19. Bxf5 Nxf5 20. Qa4+ Kf8 21. Qd7 Qxd2 22. Rc7 Nh6 23. Rc8+ Rxc8 24. Qxc8+ Ke7 25. Qxh8 Qb2 1/2-1/2

[Event "Four Nations U20"]
[Site "Oslo"]
[Date "2007.12.02"]
[Round "3"]
[White "Danielsen, Magnus"]
[Black "Dragicevic, Drazen"]
[Result "0-1"]
[WhiteElo "2035"]
[BlackElo "2246"]
[PlyCount "84"]
[EventDate "2007.11.30"]
[EventType "team"]
[EventRounds "3"]
[EventCountry "NOR"]
[SourceTitle "CBM 121 Extra"]
[Source "ChessBase"]
[SourceDate "2008.01.10"]
[SourceVersion "1"]
[SourceVersionDate "2008.01.10"]
[SourceQuality "1"]

1. e4 c5 2. Nc3 Nc6 3. f4 g6 4. Nf3 Bg7 5. Bb5 Nd4 6. Nxd4 cxd4 7. Ne2 a6 8. Bd3 d6 9. 0-0 Nf6 10. c3 dxc3 11. bxc3 0-0 12. Bc2 b5 13. a4 Bb7 14. d3 Qb6+ 15. Kh1 Rac8 16. Bd2 e5 17. Rb1 Qc6 18. f5 d5 19. axb5 axb5 20. fxg6 hxg6 21. Ng3 Rfd8 22. Qe2 dxe4 23. Nxe4 Nxe4 24. dxe4 Rd7 25. Rf3 Ra8 26. Rd3 Qc4 27. Qf1 Rc7 28. Rf3 Qxf1+ 29. Rfxf1 Ra2 30. Rfc1 Rxc2 31. Rxc2 Bxe4 32. Rcb2 Bxb1 33. Rxb1 Rd7 34. Be1 f5 35. Kg1 Rd5 36. Kf2 e4 37. h4 Kf7 38. Ra1 Ke6 39. Ra6+ Rd6 40. Ra5 Rb6 41. Ke3 Kd5 42. Ra8 Rc6 0-1

[Event "NOR-chB"]
[Site "Moss"]
[Date "2006.07.08"]
[Round "1"]
[White "Danielsen, Magnus"]
[Black "Valle, Stian"]
[Result "1-0"]
[WhiteElo "1952"]
[BlackElo "910"]
[PlyCount "75"]
[EventDate "2006.07.08"]
[EventType "swiss"]
[EventRounds "9"]
[EventCountry "NOR"]
[SourceTitle "EXT 2007"]
[Source "ChessBase"]
[SourceDate "2006.11.23"]
[SourceVersion "1"]
[SourceVersionDate "2006.11.23"]
[SourceQuality "1"]

1. e4 e5 2. Nf3 Nc6 3. d4 exd4 4. Bc4 g6 5. Nxd4 Bg7 6. Be3 d6 7. 0-0 Nf6 8. Nc3 0-0 9. f4 Nxe4 10. Nxe4 Re8 11. f5 Rxe4 12. fxg6 hxg6 13. Bxf7+ Kh8 14. Bxg6 Qh4 15. Bxe4 Qxe4 16. Qh5+ Kg8 17. Qf7+ Kh8 18. Qf4 Qxe3+ 19. Qxe3 Bxd4 20. Rae1 Bxe3+ 21. Rxe3 Bg4 22. Rf4 Rg8 23. Rg3 Ne5 24. h3 Bh5 25. Rc3 Rg7 26. Rh4 Rg5 27. g4 Ng6 28. Rxh5+ Rxh5 29. gxh5 Nf4 30. Rxc7 Nxh3+ 31. Kh2 Nf4 32. h6 Nd5 33. Rxb7 Nf6 34. Rxa7 Ng4+ 35. Kg3 Nxh6 36. Kf4 Kg8 37. a4 Nf7 38. Rxf7 1-0

[Event "Prague op 05th"]
[Site "Prague"]
[Date "2006.01.20"]
[Round "9"]
[White "Edvardsen, Ragnar"]
[Black "Danielsen, Magnus"]
[Result "1/2-1/2"]
[WhiteElo "2088"]
[BlackElo "1961"]
[PlyCount "35"]
[EventDate "2006.01.13"]
[EventType "swiss"]
[EventRounds "9"]
[EventCountry "CZE"]
[SourceTitle "CBM 110 Extra"]
[Source "ChessBase"]
[SourceDate "2006.03.10"]
[SourceVersion "2"]
[SourceVersionDate "2006.03.10"]
[SourceQuality "1"]

1. e4 e5 2. Nf3 Nc6 3. Bb5 f5 4. Bxc6 dxc6 5. Nxe5 Qe7 6. d4 Nf6 7. exf5 Bxf5 8. 0-0 0-0-0 9. Re1 Be6 10. c3 c5 11. Qa4 h6 12. Be3 Nd5 13. dxc5 Nxe3 14. Rxe3 Qxc5 15. Na3 Bd6 16. Rae1 Rhf8 17. Nd3 Qf5 18. Rxe6 1/2-1/2

[Event "Arco op 27th"]
[Site "Arco"]
[Date "2005.10.24"]
[Round "3"]
[White "Astengo, Corrado"]
[Black "Danielsen, Magnus"]
[Result "1/2-1/2"]
[WhiteElo "2105"]
[BlackElo "1961"]
[PlyCount "30"]
[EventDate "2005.10.22"]
[EventType "swiss"]
[EventRounds "9"]
[EventCountry "ITA"]
[SourceTitle "EXT 2006"]
[Source "ChessBase"]
[SourceDate "2005.11.24"]
[SourceVersion "1"]
[SourceVersionDate "2005.11.24"]
[SourceQuality "1"]

1. e4 d5 2. exd5 Qxd5 3. Nc3 Qa5 4. d4 Nf6 5. Bc4 c6 6. Nf3 Bf5 7. Qe2 e6 8. Bd2 Bb4 9. a3 Nbd7 10. 0-0 Bxc3 11. Bxc3 Qc7 12. Rfe1 0-0 13. Bd3 Bg6 14. Bxg6 hxg6 15. Rad1 Rfd8 1/2-1/2

[Event "NOR-ch U20"]
[Site "Bergen"]
[Date "2005.09.11"]
[Round "6"]
[White "Hammer, Jon Ludvig"]
[Black "Danielsen, Magnus"]
[Result "1-0"]
[WhiteElo "2300"]
[BlackElo "1759"]
[PlyCount "43"]
[EventDate "2005.09.09"]
[EventType "swiss"]
[EventRounds "6"]
[EventCountry "NOR"]
[SourceTitle "EXT 2006"]
[Source "ChessBase"]
[SourceDate "2005.11.24"]
[SourceVersion "1"]
[SourceVersionDate "2005.11.24"]
[SourceQuality "1"]

1. e4 c6 2. d4 d5 3. Nd2 dxe4 4. Nxe4 Bf5 5. Nc5 Nd7 6. Nxb7 Qc7 7. Nc5 Nxc5 8. dxc5 Rd8 9. Bd3 e6 10. Nf3 Bxc5 11. 0-0 Nf6 12. Qe2 Bxd3 13. cxd3 0-0 14. Bg5 Rd7 15. Rac1 Bd6 16. Bxf6 gxf6 17. Rc4 Rc8 18. Rfc1 Qb6 19. R1c2 Bf8 20. Ne5 fxe5 21. Rg4+ Bg7 22. Qxe5 1-0

[Event "Calvi Balagne op 02nd"]
[Site "Calvi"]
[Date "2005.02.26"]
[Round "9"]
[White "Danielsen, Magnus"]
[Black "Brethes, Francois"]
[Result "1/2-1/2"]
[WhiteElo "1914"]
[BlackElo "2147"]
[PlyCount "109"]
[EventDate "2005.02.20"]
[EventType "swiss"]
[EventRounds "9"]
[EventCountry "FRA"]
[SourceTitle "CBM 105 Extra"]
[Source "ChessBase"]
[SourceDate "2005.05.01"]
[SourceVersion "1"]
[SourceVersionDate "2005.05.01"]
[SourceQuality "1"]

1. e4 b6 2. d4 Bb7 3. Bd3 e6 4. Nf3 Nf6 5. Qe2 Be7 6. 0-0 d5 7. e5 Nfd7 8. c3 c5 9. a3 a5 10. b3 Ba6 11. Bxa6 Nxa6 12. Bb2 0-0 13. Nbd2 Nc7 14. Ne1 b5 15. f4 b4 16. cxb4 axb4 17. a4 Nb6 18. dxc5 Bxc5+ 19. Kh1 Be7 20. Nef3 Qb8 21. Nd4 g6 22. Nc6 Qe8 23. Rac1 Na6 24. Bd4 Nd7 25. Rc2 Bc5 26. Rfc1 Kg7 27. Bxc5 Ndxc5 28. Rxc5 Nxc5 29. Rxc5 Rc8 30. Qb5 Qd7 31. Nf3 Rc7 32. h3 Rfc8 33. Nfd4 Rb7 34. Qd3 Qc7 35. Rc2 Qb6 36. Kh2 Rbc7 37. Qb5 Qxb5 38. axb5 Rb7 39. Nxb4 Rxc2 40. Nbxc2 Kf8 41. Nb4 Ke8 42. Nbc6 Kd7 43. Kg3 Kc7 44. Kf3 Kb6 45. b4 Rc7 46. Ke3 Rc8 47. g4 Ra8 48. Na5 Rc8 49. Kd2 h5 50. g5 h4 51. Nac6 Ra8 52. Na5 Rc8 53. Ndc6 Rc7 54. Nd4 Rc8 55. Nac6 1/2-1/2

[Event "Politiken Cup 26th"]
[Site "Copenhagen"]
[Date "2004.07.25"]
[Round "2"]
[White "Nilsson, Nils Specht"]
[Black "Danielsen, Magnus"]
[Result "1-0"]
[WhiteElo "2140"]
[BlackElo "1928"]
[PlyCount "99"]
[EventDate "2004.07.24"]
[EventType "swiss"]
[EventRounds "10"]
[EventCountry "DEN"]
[SourceTitle "CBM 101 Extra"]
[Source "ChessBase"]
[SourceDate "2004.09.01"]
[SourceVersion "2"]
[SourceVersionDate "2004.09.01"]
[SourceQuality "1"]

1. e4 e6 2. d4 d5 3. Nd2 dxe4 4. Nxe4 Bd7 5. Nf3 Bc6 6. Bd3 Nf6 7. Qe2 Be7 8. c3 Nbd7 9. 0-0 Bxe4 10. Bxe4 Nxe4 11. Qxe4 c6 12. Re1 Nf6 13. Qe2 0-0 14. c4 Re8 15. b3 c5 16. Bb2 cxd4 17. Bxd4 Bb4 18. Red1 Qe7 19. Qb2 Red8 20. a3 Bc5 21. b4 Bxd4 22. Rxd4 Rxd4 23. Qxd4 Qc7 24. Rd1 h6 25. Ne5 Rc8 26. g3 a6 27. f4 h5 28. h3 Ne8 29. c5 Nf6 30. Qd6 a5 31. Qxc7 Rxc7 32. Rd8+ Kh7 33. Rf8 h4 34. g4 Nd5 35. Rxf7 Rxf7 36. Nxf7 axb4 37. axb4 Nxb4 38. Nd8 Nd3 39. Nxb7 Nxf4 40. c6 Nd5 41. Kf2 Kg6 42. Kf3 Kf6 43. Ke4 Nc7 44. Nc5 Nd5 45. Nd7+ Ke7 46. Ke5 g5 47. Nc5 Ne3 48. Ne4 Nc4+ 49. Kd4 Na5 50. Kc5 1-0

[Event "Politiken Cup 26th"]
[Site "Copenhagen"]
[Date "2004.07.24"]
[Round "1"]
[White "Danielsen, Magnus"]
[Black "Bank, Pelle Rodkjaer"]
[Result "1/2-1/2"]
[WhiteElo "1928"]
[BlackElo "2277"]
[PlyCount "51"]
[EventDate "2004.07.24"]
[EventType "swiss"]
[EventRounds "10"]
[EventCountry "DEN"]
[SourceTitle "CBM 101 Extra"]
[Source "ChessBase"]
[SourceDate "2004.09.01"]
[SourceVersion "2"]
[SourceVersionDate "2004.09.01"]
[SourceQuality "1"]

1. e4 g6 2. d4 Bg7 3. c4 d6 4. Nc3 Nc6 5. Be3 e5 6. dxe5 Nxe5 7. Nf3 Nxf3+ 8. Qxf3 Nf6 9. Bd3 0-0 10. Bg5 h6 11. Bh4 c6 12. 0-0 Re8 13. Rfe1 a5 14. Bc2 Be6 15. Qd3 Qb6 16. Na4 Qc7 17. Bg3 b5 18. cxb5 cxb5 19. Bxd6 Qc6 20. Nc3 Red8 21. e5 Bf5 22. Qe2 Bxc2 23. Qxc2 b4 24. Qa4 Qa6 25. exf6 bxc3 26. fxg7 1/2-1/2

[Event "NOR-chTB final"]
[Site "Trondheim"]
[Date "2004.05.20"]
[Round "2.4"]
[White "Brekke, Jorunn Marie"]
[Black "Danielsen, Magnus"]
[Result "1/2-1/2"]
[WhiteElo "2009"]
[BlackElo "1934"]
[PlyCount "28"]
[EventDate "2004.05.19"]
[EventType "team-tourn"]
[EventRounds "5"]
[EventCountry "NOR"]
[SourceTitle "CBM 100 Extra"]
[Source "ChessBase"]
[SourceDate "2004.07.06"]
[SourceVersion "2"]
[SourceVersionDate "2004.07.06"]
[SourceQuality "1"]
[WhiteTeam "10"]
[BlackTeam "11"]
[WhiteTeamCountry "NOR"]
[BlackTeamCountry "NOR"]

1. d4 Nf6 2. c4 e6 3. Nc3 Bb4 4. Qc2 c5 5. dxc5 Bxc5 6. g3 d5 7. cxd5 Nxd5 8. Nxd5 Qxd5 9. Nf3 Bb4+ 10. Bd2 Bxd2+ 11. Qxd2 Qxd2+ 12. Nxd2 Bd7 13. Bg2 Bc6 14. 0-0 Ke7 1/2-1/2